Statistiques concernant Culture Générale - Série 1796

Cliquez ici pour prendre le quiz!

Statistiques générales

  • Ce quiz a été pris 86 fois
  • Le résultat moyen est 3 sur 10

Statistiques - réponses

Question Réponse% Correct
A quel pays l'archipel des Açores, situé dans l'Atlantique, appartient-il ?Portugal
84%
Comment s'appelle le vin pétillant qui fait la renommée de la ville de Die, située dans la Drôme ?clairette
66%
Comment appelle-t-on le retour brutal des vagues sur elles-mêmes, lorsqu'elles ont frappé un obstacle ?ressac
66%
Mélange liquide d'excréments d'animaux, utilisé comme engrais ( synonyme : purin)lisier
37%
Quel est le prénom de l'écrivain russe Gorki ( Gorky) ?Maxime
30%
Comment appelle-t-on la pierre plate et fine utilisée pour la couverture des toitures, notamment dans le sud-ouest et le centre de la France ?lause
25%
Comment appelle-t-on également l'animal "zorille du Cap", représenté sur la photographie ?ratel
12%
Quelle rivière d'Europe centrale marque avec l'Oder, la frontière entre l'Allemagne et la Pologne ?Neisse
11%
Nom que les pêcheurs donnent à des amas de sable et de graviers qui se forment dans la Loire et sont balayés par les forts courantsjar
2%
Comment appelle-t-on le vêtement féminin porté au Maghreb constitué d'une étoffe rectangulaire recouvrant tout le corps, longue — six mètres sur 2,2 mètres ?haïk
1%

Distribution des résultats

Percentile par nombre de réponses

% des personnes avec chaque résultat

Votre développement - résultats

Vous n’avez pas pris ce quiz